| Tag |
First Indicator |
Second Indicator |
Subfields |
| LEADER |
00000cam a2200000 a 4500 |
| 001 |
in00000092096 |
| 005 |
20151008064148.0 |
| 008 |
810921s1980 enkabf b 00110beng |
| 010 |
|
|
|a 81111232
|
| 015 |
|
|
|a GB***
|
| 020 |
|
|
|a 090583822X :
|c 7.00
|
| 035 |
|
|
|a (OCoLC)07835772
|
| 035 |
|
|
|9 AAK3652AM
|
| 039 |
0 |
|
|a 2
|b 3
|c 3
|d 3
|e 3
|
| 040 |
|
|
|a DLC
|c DLC
|d TXA
|d UtOrBLW
|
| 041 |
1 |
|
|a eng
|a chi
|
| 043 |
|
|
|a a-cc---
|
| 049 |
|
|
|a TXAM
|c [1804599]
|
| 050 |
0 |
0 |
|a HX417
|b .T5613 1980
|
| 082 |
0 |
|
|a 951.05/7/0924
|a B
|2 19
|
| 100 |
1 |
|
|a Ding, Wang.
|
| 240 |
1 |
0 |
|a Hua Guofeng.
|l English
|
| 245 |
1 |
0 |
|a Chairman Hua, leader of the Chinese Communists /
|c by Ting Wang.
|
| 264 |
|
1 |
|a London :
|b C. Hurst,
|c 1980.
|
| 300 |
|
|
|a xiv, 181 pages, 8 unnumbered pages of plates :
|b illustrations, map ;
|c 23 cm.
|
| 336 |
|
|
|a text
|b txt
|2 rdacontent
|
| 337 |
|
|
|a unmediated
|b n
|2 rdamedia
|
| 338 |
|
|
|a volume
|b nc
|2 rdacarrier
|
| 500 |
|
|
|a Translation of: Hua Kuo-feng.
|
| 500 |
|
|
|a Includes index.
|
| 504 |
|
|
|a Bibliography: pages 172-177.
|
| 600 |
1 |
0 |
|a Hua, Guofeng.
|
| 650 |
|
0 |
|a Communists
|z China
|v Biography.
|
| 650 |
|
0 |
|a Communism
|z China.
|
| 999 |
|
|
|a MARS
|
| 999 |
f |
f |
|s 79f7517c-85e8-3f2f-b0a6-a19a1642c4b9
|i c6ff7efc-8478-35a1-a0cf-f40178089dfc
|t 0
|
| 952 |
f |
f |
|p ric
|a Texas A&M University
|b Rellis Campus
|c Joint Library Facility
|d Remote Storage
|t 0
|e HX417 .T5613 1980
|h Library of Congress classification
|i unmediated -- volume
|m A14806148316
|
| 998 |
f |
f |
|a HX417 .T5613 1980
|t 0
|l Remote Storage
|